00466nam a2200157Ia 450000500170000000800410001708200130005810000140007124500300008526000410011530000130015665000190016994200060018895200990019499900150029320250508021844.0240331s9999 xx 000 0 und d bRAMa894 aRamana, A 0aIrakasiyathai sol kiliye! aChennaibKanna palani acahagamc1992 a172 p ., aA Social Novel cL 001040708LaWERCLbWERCLcSSCd2024-03-31l0o 894.811 RAMp5706r2024-03-31w2024-03-31yL c4322d4322